Les fleurs dans les titres de films - Statistiques

Statistiques générales
  • Ce quiz a été pris 393 fois
  • Le résultat moyen est 7 sur 15
Statistiques - réponses
Titre Fleur % Correct
La ... pourpre du Caire rose
98%
Fanfan la ... tulipe
93%
La dame aux ... camélias
80%
Le ... dans la vallée lys
76%
Des ... par la racine pissenlits
62%
Le ... noir dahlia
56%
La colline aux ... coquelicots
43%
La chair de l' ... orchidée
39%
Ne mangez pas les ... marguerites
34%
... impériales violettes
30%
La ... rouge pivoine
21%
Le cri de la ... dans le champ de sauterelles lavande
13%
Une odeur de ... géranium
11%
La nuit des ... tournesols
10%
Le ... blanc laurier
2%
Aucun quiz correspondant
Distribution des résultats
% des personnes avec chaque résultat
Percentile par nombre de réponses
Votre historique - résultats
Vous n’avez pas pris ce quiz